000 00314nam a22001337a 4500
003 OSt
005 20231128181638.0
008 231128b |||||||| |||| 00| 0 eng d
040 _cCO-JMCR
082 _aC /
_bMEAi
100 _aMeans, David,
_942942
245 _aInstrucciones para un funeral /
942 _2ddc
_cBK
999 _c30452
_d16836